| 000 | 00580nam a2200241 a 4500 | ||
|---|---|---|---|
| 001 | nice12345678 | ||
| 003 | IN_TiNIC | ||
| 005 | 20260116011753.0 | ||
| 008 | 050524s1975 hyda grp 000 0 urd | ||
| 020 |
_a _c5 |
||
| 082 | 0 | 0 |
_a297.2 _bJEE |
| 100 | _aJeelani, Abdul Qader | ||
| 245 | _aMazratul Aakharate | ||
| 260 |
_aHyderabad _bJamia Muhammadia _c1975 |
||
| 300 | _a264p | ||
| 500 | _aincludes index and biblioraphy | ||
| 505 | 2 | _aBibliography | |
| 650 | _aIslam-Doctrines | ||
| 700 | 1 | _aJeelani, Abdul Qader | |
| 902 | _bSRS | ||
| 942 | _cBK | ||
| 999 |
_c3837 _d3837 |
||